00846nam a2200241 a 450000100060000000300080000600500170001400800410003103500190007204000310009104100080012208200240013010000380015424500510019226000630024330000340030650000520034065000250039265000210041794200120043899900170045095201370046772371BD-RjUL20211209082243.0170517r19401939enkad 001 0 eng  a(BD-RjUL)72588 aDLC/ICUcICUdBD-RjULbeng aeng00a551.5223bSHD 19401 aShaw, Napier,d1854-1945.921403414aThe drama of weather /cby Sir Napier Shaw ... aCambridge :bThe University press,c1939, [reprinted 1940] axiv, 307 p. :bill. ;c21 cm. a"First edition, 1933 ... Second edition, 1939." 0aMeteorology.9214035 0aWeather.9200691 2ddccBK c72371d72371 00102ddc40718NFICaRUCLbRUCLcReadingd1956-08-04eB. H. Blackwelll0o551.5 SHD 1940r2017-05-17 00:00:00tC-1w2017-05-17yBK